Statistiques concernant Triple Rapide Typage A à Z

Cliquez ici pour prendre le quiz!

Statistiques générales

  • Ce quiz a été pris 1 875 fois
  • Le résultat moyen est 34 sur 78

Statistiques - réponses

lettre% Correct
a
100%
b
96%
c
94%
d
92%
e
92%
f
91%
g
91%
h
91%
i
90%
j
89%
k
88%
l
87%
m
86%
n
85%
o
84%
p
84%
q
82%
r
81%
s
80%
t
79%
u
78%
v
77%
w
75%
x
72%
y
71%
z
69%
A
64%
B
62%
C
59%
D
58%
E
56%
F
53%
G
51%
H
49%
I
46%
J
44%
K
42%
L
41%
M
40%
N
37%
O
34%
P
33%
Q
31%
R
29%
S
27%
T
27%
U
24%
V
23%
W
21%
X
20%
Y
19%
Z
17%
A
15%
B
14%
C
14%
D
12%
E
12%
F
11%
G
11%
H
10%
I
9%
J
9%
K
8%
L
8%
M
7%
N
7%
O
7%
P
7%
Q
5%
R
5%
S
5%
T
5%
U
5%
V
4%
W
3%
X
3%
Y
3%
Z
2%

Distribution des résultats

Percentile par nombre de réponses

% des personnes avec chaque résultat

Votre développement - résultats

Vous n’avez pas pris ce quiz